Doctrina perpetua brokering change, promoting innovation and transforming marginalisation in university learning and teaching /
সংরক্ষণ করুন:
| অন্যান্য লেখক: | |
|---|---|
| বিন্যাস: | বৈদ্যুতিক বৈদ্যুতিন গ্রন্থ |
| ভাষা: | ইংরেজি |
| প্রকাশিত: |
Teneriffe, QLD. :
Post Pressed,
c2006.
|
| বিষয়গুলি: | |
| অনলাইন ব্যবহার করুন: | Available in Education Source. |
| ট্যাগগুলো: |
ট্যাগ যুক্ত করুন
কোনো ট্যাগ নেই, প্রথমজন হিসাবে ট্যাগ করুন!
|
MARC
| LEADER | 00000cam a22000002a 4500 | ||
|---|---|---|---|
| 001 | ebs51678072e | ||
| 003 | EBZ | ||
| 006 | m d |||||| | ||
| 007 | cr|unu|||||||| | ||
| 008 | 071106s2006 at ab ob 001 0 eng d | ||
| 020 | 0 | |z 9781876682934 | |
| 035 | |a (EBZ)ebs51678072e | ||
| 040 | |a ANL |b eng |d EBZ | ||
| 042 | |a lccopycat | ||
| 050 | 0 | 0 | |a LB2325 |b .D545 2006 |
| 130 | 0 | |a Doctrina perpetua (Online) | |
| 245 | 0 | 0 | |a Doctrina perpetua |h [electronic resource] : |b brokering change, promoting innovation and transforming marginalisation in university learning and teaching / |c edited by Jeanne McConachie ... [et al.]. |
| 260 | |a Teneriffe, QLD. : |b Post Pressed, |c c2006. | ||
| 504 | |a Includes bibliographical references and index. | ||
| 650 | 0 | |a Education, Higher. | |
| 650 | 0 | |a College teaching. | |
| 650 | 0 | |a Universities and colleges. | |
| 700 | 1 | |a McConachie, Jeanne. | |
| 773 | 0 | |t Education Source |d EBSCO | |
| 776 | 1 | |t Doctrina perpetua |w (DLC)2007701551 | |
| 856 | 4 | 0 | |3 Full text available: Jan 2006. |z Available in Education Source. |u https://researchs.unach.elogim.com/direct.asp?db=eue&jid=3CPH&scope=site |
| 901 | |a Book | ||